| 000 | 00568nam a2200217Ia 4500 | ||
|---|---|---|---|
| 003 | 0100 | ||
| 008 | 130303s9999 xx 000 0 und d | ||
| 040 | _cARRUPELIB | ||
| 050 | _aBD450.A4727 1992 | ||
| 100 | _aAllen, R.T. | ||
| 245 | 4 | _aThe education of autonomous man | |
| 260 | _aAldershot | ||
| 260 | _bAvebury | ||
| 260 | _C1992 | ||
| 300 | _a82p. | ||
| 300 | _b 22cm | ||
| 440 | _aAvebury series in philosophy | ||
| 650 | _bBible--Study--Addresses, essays, lectures | ||
| 650 | _cChristian education--Addresses, essays, lectures | ||
| 942 |
_2lcc _09 |
||
| 999 |
_c65343 _d65343 |
||